• 首页
  • 本馆介绍
  • 公告通知
  • 最新文献
  • 馆藏检索
  • 电子资源
  • 读者导购
  • 参考咨询
  • 我的图书馆
  • 登录
  • 详细信息显示
  • 放入我的书架
  • 预约/预借图书
  • 作者相关作品
  • 分类相关作品
  • 丛书相关作品
  • 出版社相关作品

书目信息

  • 表格格式
  • 工作单格式
  • 卡片格式
题名:
读懂女人
    
 
作者: 白马 编著
分册:  
出版信息: 北京   中华工商联合出版社  2003
页数: 304页
开本: 20cm
丛书名:
单 册:
中图分类: B844.5 , B825
科图分类:
主题词: 女性心理学--通俗读物 , 女性心理学 , 伦理学
电子资源:
ISBN: 7-80100-944-4
000 00890nam0 2200265 450
001 0931900781
005 20090929085249.81
010    @a7-80100-944-4@dCNY19.80
100    @a20031219d2003 em y0chiy50 ea
101 0  @achi
102    @aCN@b110000
105    @aa z 000yy
106    @ar
200 1  @a读懂女人@f白马编著@Adu dong nv ren
210    @a北京@c中华工商联合出版社@d2003
215    @a304页@c插图@d20cm
330    @a本书站在关爱女人、了解女人的角度上,引导你接触女性的真实,了解她们生理上的特质,把握她们的心理变化。内容涉及“女人的能力”、“女人的情感”、“女人的欲求”、“女人的婚恋”等六部分。
606 0  @a女性心理学@j通俗读物
606 0  @a女性心理学
606 0  @a伦理学
690    @aB844.5@v4
690    @aB825@v4
701  0 @a白马@c(生活常识)@4编著@Abai ma
801  0 @aCN@b大连网信软件有限公司图书馆·11@c20090929
905    @a10447@dB825@eJY101
    
    读懂女人/白马编著.-北京:中华工商联合出版社,2003
    304页:插图;20cm
    
    
    ISBN 7-80100-944-4:CNY19.80
    本书站在关爱女人、了解女人的角度上,引导你接触女性的真实,了解她们生理上的特质,把握她们的心理变化。内容涉及“女人的能力”、“女人的情感”、“女人的欲求”、“女人的婚恋”等六部分。
●
相关链接 在E读中查询图书 在五车中查询图书 在当当中查询图书 在豆瓣中查询图书


正题名:读懂女人     索取号:B825/JY101         预约/预借

序号 登录号 条形码 馆藏地/架位号 状态 备注
1 7820179   278201795   学院路分馆/ [索取号:B825/JY101] 在馆    
2 7820180   278201802   学院路分馆/ [索取号:B825/JY101] 在馆    
3 7820181   278201811   学院路分馆/ [索取号:B825/JY101] 在馆    
4 7820216   278202160   学院路分馆/ [索取号:B825/JY101] 在馆    
欢迎您!
大连网信软件有限公司© 版权所有